Seed development, dormancy and germination /

Guardado en:
Otros Autores: Bradford, K. J., Nonogaki, Hiroyuki.
Formato: Libro
Idioma:English
Publicado: Oxford ; Ames, Iowa : Blackwell Pub., 2007.
Series:Annual plant reviews ; v. 27
Materias:
Etiquetas: Agregar Etiqueta
Sin Etiquetas, Sea el primero en etiquetar este registro!
LEADER 01669cam a2200265 a 4500
001 EEA.libagro009255
005 20171011091534.0
008 060814s2007####enka#####b####001#0#eng##
010 |a  2006026447 
016 7 |a 013567899  |2 Uk 
020 |a 9781405139830 
040 |a DLC  |c DLC  |d BAKER  |d UKM  |d YDXCP  |d BWKUK  |d MUQ  |d DLC 
050 0 0 |a QK661  |b .S415 2007 
082 0 0 |a 582.0467 
245 0 0 |a Seed development, dormancy and germination /  |c edited by Kent J. Bradford, Hiroyuki Nonogaki. 
260 |a Oxford ;  |a Ames, Iowa :  |b Blackwell Pub.,  |c 2007. 
300 |a xvii, 367 p. :  |b il. ;  |c 24 cm. 
490 1 |a Annual plant reviews ;  |v v. 27 
504 |a Incluye referencias bibliográficas e índice. 
505 0 |a 1. Genetic control of seed development and seed mass -- 2. Seed coat development and dormancy -- 3. Definitions and hypotheses of seed dormancy -- 4. Modeling of seed dormancy -- 5. Genetic aspects of seed dormancy -- 6. Lipid metabolism in seed dormancy -- 7. Nitric oxide in seed dormancy and germination -- 8. A merging of paths: abscisic acid and hormonal cross-talk in the control of seed dormancy maintenance and alleviation -- 9. Regulation of ABA and GA levels during seed development and germination in Arabidopsis -- 10. De-repression of seed germination by GA signaling -- 11. Mechanisms and genes involved in germination sensu stricto -- 12. Sugar and abscisic acid regulation of germination and transition to seedling growth. 
650 7 |a Semilla  |x Etapas de desarrollo  |2 agrovoc 
650 7 |a Germinación  |2 agrovoc 
700 1 |a Bradford, K. J.  |q (Kent J.) 
700 1 |a Nonogaki, Hiroyuki. 
859 |a AR-BbBCA  |b BIB. AGRONOMIA  |h 582.0467  |i B799  |p 2012/6035